Dictionnaire technique et scientifique : (Record no. 13548)

000 -LEADER
fixed length control field 00542cam a2200181Ia 4500
020 ## - INTERNATIONAL STANDARD BOOK NUMBER
ISBN 2904105042
040 ## - CATALOGING SOURCE
Transcribing agency FPU
082 ## - DEWEY DECIMAL CLASSIFICATION NUMBER
Classification number 503 GOU 1994 A034 Or.
100 1# - MAIN ENTRY--AUTHOR NAME
Personal name Goursau, Henri
245 10 - TITLE STATEMENT
Title Dictionnaire technique et scientifique :
Remainder of title anglais-fran©ʹais = Dictionary of technical and scientific terms : English-French.
250 ## - EDITION STATEMENT
Edition statement 1. ed
260 ## - PUBLICATION, DISTRIBUTION, ETC. (IMPRINT)
Place of publication Saint-Orens-de-Gameville, France :
Name of publisher H. Goursau,
Year of publication c1994
300 ## - PHYSICAL DESCRIPTION
Number of Pages 924 p. ;
Dimensions 18 cm
650 #0 - SUBJECT ADDED ENTRY--TOPICAL TERM
Topical Term Technology
650 #0 - SUBJECT ADDED ENTRY--TOPICAL TERM
Topical Term Science
650 #0 - SUBJECT ADDED ENTRY--TOPICAL TERM
Topical Term English language
942 ## - ADDED ENTRY ELEMENTS (KOHA)
Koha item type សៀវភៅភាសាបារាំង
952 ## - LOCATION AND ITEM INFORMATION (KOHA)
Withdrawn status [LOCAL, KOHA] 0
Holdings
Permanent Location Date acquired Koha item type Lost status Shelving location Barcode Current Location Full call number
Library Block A2017-08-28សៀវភៅភាសាបារាំង A034A21003Library Block A503 GOU 1994 A034 Or.
មជ្ឈមណ្ឌលឯការនៃសាកលវិទ្យាល័យភូមិន្ទកសិកម្មចំការដូង

Powered by Koha